Campeones olímpicos / (Registro nro. 12609)
[ vista simple ]
| 000 -LIDER | |
|---|---|
| fixed length control field | 00918nam a22002657a 4500 |
| 003 - IDENTIFICACDOR DE NÚMERO DE CONTROL | |
| control field | DO-SdBPM |
| 005 - DATE AND TIME OF LATEST TRANSACTION | |
| control field | 20250226111047.0 |
| 008 - ELEMENTOS DE LONGITUD FIJA | |
| fixed length control field | 161031b2006 xxu a 00| 0 spa d |
| 020 ## - ISBN | |
| International Standard Book Number | 076527731X |
| 040 ## - FUENTE DE CATALOGACIÓN | |
| Agencia que crea de manera original el registro | BPMSU |
| Idioma de catalogación | spa |
| Agencia que realiza la transcripción | BPMSU |
| 082 #4 - NÚMERO DE CLASIFICACIÓN DECIMAL DE DEWEY | |
| Classification number | 796.48 |
| Item number | B641c 2006 |
| Edition number | 22 |
| 100 1# - ASIENTO PRINCIPAL -- NOMBRE PERSONAL | |
| Nombre personal | Blanche, Lynne |
| 245 10 - MENCIÓN DE TITULO | |
| Título | Campeones olímpicos / |
| Mención de responsabilidad | Lynne Blanche, Claire Daniel |
| 260 ## - PUBLICACIÓN, DISTRIBUCIÓN, ETC. (PIE DE IMPRENTA) | |
| Lugar de publicación, distribución, etc | Estados Unidos : |
| Nombre del editor, distribuidor, etc. | Pearson Learning Group , |
| Fecha de publicación, distribución, etc | 2006. |
| 300 ## - DESCRIPCIÓN FÍSICA | |
| Extensión | 32 p. : |
| Otros detalles físicos | il. ; |
| Dimensiones | 25 cm. |
| 490 0# - MENCIÓN DE SERIES | |
| Mención de serie | iOpeners |
| 500 ## - NOTA GENERAL | |
| Nota general | Incluye índice |
| 505 0# - NOTA DE CONTENIDO | |
| Texto normalizado de contenido | Sueños olímpicos -- Cathy Freeman -- Marc Gagnon --Tanni Grey-Thompson -- Haile Gebreselassie -- Pablo Morales -- Kristi Yamaguchi -- Deportes olímpicos -- Índice. |
| 590 ## - NOTA LOCAL | |
| Texto de la nota local | Inventariado, 2025/VM |
| 650 #4 - ENCABEZAMIENTO DE MATERIA--TEMÁTICO | |
| Término temático o nombre geográfico como elemento de entrada | Olimpiadas |
| 650 #4 - ENCABEZAMIENTO DE MATERIA--TEMÁTICO | |
| Término temático o nombre geográfico como elemento de entrada | Juegos olímpicos |
| 700 1# - ASIENTO SECUNDARIO -- NOMBRE PERSONAL | |
| Nombre personal | Daniel, Claire |
| Mención de responsabilidad | autor |
| 910 ## - VALIDACIÓN | |
| Validación | VMateo V. Control de calidad. BPMSU |
| 942 ## - ADDED ENTRY ELEMENTS (KOHA) | |
| Source of classification or shelving scheme | Dewey Decimal Classification |
| Koha item type | Libros |
| Withdrawn status | Lost status | Source of classification or shelving scheme | Damaged status | Not for loan | Collection code | Home library | Current library | Date acquired | Source of acquisition | Total Checkouts | Full call number | Barcode | Date last seen | Price effective from | Koha item type |
|---|---|---|---|---|---|---|---|---|---|---|---|---|---|---|---|
| Dewey Decimal Classification | Colección Infantil General | Biblioteca Pública Metropolitana Salomé Ureña | Biblioteca Pública Metropolitana Salomé Ureña | 10/13/2017 | Donado por el Despacho de la Primera Dama | BPMSU CJG 796.48 B641c 2006 | BPMSU17100018 | 10/13/2017 | 10/13/2017 | Libros |